| 000 | 00661nam a2200181 i 4500 | ||
|---|---|---|---|
| 001 | 161332 | ||
| 003 | ES-MaACL | ||
| 005 | 20230906212249.0 | ||
| 008 | 980826s1879 sp |||| | spa d | ||
| 040 |
_aCLM _bspa _cCLM |
||
| 100 | 1 |
_aPando, Juan Antonio de. _9130814 |
|
| 245 | 1 | 0 |
_aSucesión hereditaria y sus incidencias / _cpor Juan Antonio de Pando. |
| 260 |
_aMadrid : _b[s.n.], _c1879 ( _fImprenta de Moya y Plaza) |
||
| 300 |
_a114, [2] p. ; _c22 cm. |
||
| 594 | 1 | _aPrecede al tít.: Novela segunda. | |
| 650 | 4 |
_aHerencia (Derecho) _9136215 |
|
| 852 |
_aES-MaACL _jT-360-F-1 _z-- Enc. hol. _q-- Falto de la cub. original _z-- Enc. en un vol. facticio |
||
| 999 |
_c161332 _d161332 |
||